000 00807nam a2200253Ia 4500
003 OSt
005 20221005081316.0
006 a|||||r|||| 00| 0
007 ta
008 221004b |||||||| |||| 00| 0 urd d
020 _a8175870435 (pbk)
_c200
024 _a5254
037 _b6064, 25/03/2013, Educational Publishing House
_cTextual
040 _aCRL
_cCRL
_burd
041 _2urd
_aurd
082 _aO168,3x, 152P3.2
100 _aNarang Gopi Chand
245 0 _aAzadi ke bad urdu afsana
_b An anthology
260 _aNew Delhi
_bQoumi Council Bara-e-Farog India
_c2003
300 _a423p.
_ccm.
650 _aURDU FICTION
_93298
942 _hO168,3x, 152P3.2
_cTEXL
_2cc
999 _c987507
_d987507